how much of geography do you know? - Statistieken

Algemene statistieken
  • Deze quiz is 6 keer genomen
  • De gemiddelde score is 11 van 15
Antwoordstatistieken
Hint Antwoord % Correct
How many countries are in the world? 197
100%
How many states does the US have? 50
100%
How many continents are there? 7
100%
What is the capital of Belgium? Brussels
100%
By what country is San Marino landlocked in? Italy
100%
In which continent is the country Tuvalu? Oceania
100%
What is the biggest state in the US? Alaska
80%
What is the most spoken language in the world? mandarin
80%
Where is the amazon forest located? South America
80%
What is the name of the mountain area where the mount everest is in? Himalaya
60%
Highest mountain of Africa is called? kilimanjaro
60%
Which state is east of new hampshire? maine
60%
What is the capital of kazachstan? astana
40%
How high is the mount everest? (in meters) 8.848 m
0%
What is the world's smallest island? Just room enough island
0%
Geen overeenkomende quizzen gevonden
Scoreverdeling
Procent van Mensen met Elke Score
Percentiel versus Aantal Correcte Antwoorden
Uw Scoregeschiedenis
U heeft deze quiz nog niet genomen